Bandera al viento : (Record no. 11839)
[ view plain ]
| 000 -CABECERA | |
|---|---|
| campo de control de longitud fija | 01041nam a2200265 4500 |
| 003 - IDENTIFICADOR DEL NÚMERO DE CONTROL | |
| campo de control | OSt |
| 005 - FECHA Y HORA DE LA ÚLTIMA TRANSACCIÓN | |
| campo de control | 20260530113903.0 |
| 008 - DATOS DE LONGITUD FIJA--INFORMACIÓN GENERAL | |
| campo de control de longitud fija | 260417b1996 mx a|||| |||| 00| 0 spa d |
| 020 ## - NÚMERO INTERNACIONAL ESTÁNDAR DEL LIBRO | |
| Número Internacional Estándar del Libro | 9688105465 |
| 040 ## - FUENTE DE LA CATALOGACIÓN | |
| Centro catalogador/agencia de origen | ICI |
| Lengua de catalogación | spa |
| Centro/agencia transcriptor | ICI |
| 050 ## - SIGNATURA TOPOGRÁFICA DE LA BIBLIOTECA DEL CONGRESO | |
| Número de clasificación | F1234 |
| Número de documento/Ítem | B353 |
| 100 1# - ENTRADA PRINCIPAL--NOMBRE DE PERSONA | |
| Nombre de persona | Jorge Alvarez Fuentes |
| 9 (RLIN) | 32482 |
| 245 10 - MENCIÓN DE TÍTULO | |
| Título | Bandera al viento : |
| Resto del título | imágenes de la diplomacia mexicana, 1930-1952 / |
| Mención de responsabilidad, etc. | [investigación y textos Patricia Bravo Fragoso... [y otros.] |
| 264 #1 - PRODUCCIÓN, PUBLICACIÓN, DISTRIBUCIÓN, FABRICACIÓN Y COPYRIGHT | |
| Nombre del de productor, editor, distribuidor, fabricante | Secretaría de Relaciones Exterores |
| Fecha de producción, publicación, distribución, fabricación o copyright | 1996 |
| Producción, publicación, distribución, fabricación y copyright | [México] |
| 300 ## - DESCRIPCIÓN FÍSICA | |
| Extensión | 191 páginas |
| 336 ## - TIPO DE CONTENIDO | |
| Término de tipo de contenido | texto |
| Fuente | rdacontent |
| 337 ## - TIPO DE MEDIO | |
| Nombre/término del tipo de medio | sin medio |
| Fuente | rdamedia |
| 338 ## - TIPO DE SOPORTE | |
| Nombre/término del tipo de soporte | volumen |
| Fuente | rdacarrier |
| 610 ## - PUNTO DE ACCESO ADICIONAL DE MATERIA--NOMBRE DE ENTIDAD CORPORATIVA | |
| Nombre de entidad corporativa o nombre de jurisdicción como elemento de entrada | México. |
| Unidad subordinada | Secretaría de Relaciones Exteriores |
| 9 (RLIN) | 32483 |
| 650 ## - PUNTO DE ACCESO ADICIONAL DE MATERIA--TÉRMINO DE MATERIA | |
| Término de materia o nombre geográfico como elemento de entrada | Política mundial |
| Subdivisión de forma | Obras ilustradas |
| Subdivisión cronológica | 1900-1945 |
| -- | 1945-1955 |
| 9 (RLIN) | 32484 |
| 651 #0 - PUNTO DE ACCESO ADICIONAL DE MATERIA--NOMBRE GEOGRÁFICO | |
| Nombre geográfico | México |
| Subdivisión general | Relaciones exteriores |
| Subdivisión cronológica | 1910-1946 |
| -- | 1946-1970 |
| Subdivisión geográfica | Países extranjeros |
| 9 (RLIN) | 32485 |
| 700 #1 - PUNTO DE ACCESO ADICIONAL--NOMBRE DE PERSONA | |
| Nombre de persona | Bravo Fragoso, Patricia |
| Término indicativo de función/relación | colaborador |
| 9 (RLIN) | 32486 |
| 710 #1 - PUNTO DE ACCESO ADICIONAL--NOMBRE DE ENTIDAD CORPORATIVA | |
| Nombre de entidad corporativa o nombre de jurisdicción como elemento de entrada | México. |
| Unidad subordinada | Secretaría de Relaciones Exteriores |
| 9 (RLIN) | 32483 |
| 942 ## - ELEMENTOS DE PUNTO DE ACCESO ADICIONAL (KOHA) | |
| Fuente del sistema de clasificación o colocación | Dewey Decimal Classification |
| Tipo de ítem Koha | |
No items available.